[Event "ch-Lisboa"]
[Site "Lisboa"]
[Date "2017.05.25"]
[Round "2.12"]
[White "Vieira, Vitor Mendes"]
[Black "Santos, Jose Duarte"]
[Result "0-1"]
[WhiteElo "1462"]
[BlackElo "1847"]
[PlyCount "52"]
[EventDate "2017.05.18"]
[EventType "swiss"]
[EventRounds "7"]
[EventCountry "POR"]

1. d4 Nf6 2. c4 g6 3. Nc3 Bg7 4. e4 d6 5. Nf3 O-O 6. Be2 Nfd7 7. O-O e5 8. Bg5
f6 9. Bh4 g5 10. Bg3 Nc6 11. d5 Nd4 12. Nxd4 exd4 13. Nb5 Nc5 14. Nxd4 Nxe4 15.
Bd3 Re8 16. Qh5 f5 17. Nb5 f4 18. Nxc7 Re5 19. Bxe4 Rxe4 20. Rfe1 Qe7 21. Rxe4
Qxe4 22. Qxg5 fxg3 23. Qd8+ Kf7 24. hxg3 Bh3 25. Qd7+ Bxd7 26. Nxa8 Qxc4 0-1

[Event "ch-Lisboa"]
[Site "Lisboa"]
[Date "2017.05.25"]
[Round "2.13"]
[White "Costa, Raul David Andrade"]
[Black "Galinha, Otelo"]
[Result "0-1"]
[WhiteElo "1369"]
[BlackElo "1625"]
[PlyCount "80"]
[EventDate "2017.05.18"]
[EventType "swiss"]
[EventRounds "7"]
[EventCountry "POR"]

1. e4 e5 2. Nf3 Nc6 3. Bc4 Nf6 4. O-O Be7 5. d4 exd4 6. e5 Ne4 7. Bd5 Nc5 8.
Re1 O-O 9. Nxd4 Nxd4 10. Qxd4 Ne6 11. Qg4 Re8 12. h4 Bxh4 13. Nc3 Ng5 14. Bxg5
Qxg5 15. Re4 Qxg4 16. Rxg4 Bd8 17. Re1 c6 18. Bb3 d5 19. Rg3 Bf5 20. Nd1 Bf6
21. Rf3 Be4 22. exf6 Bxf3 23. Rxe8+ Rxe8 24. gxf3 Re1+ 25. Kg2 Rxd1 26. c4 Rd2
27. cxd5 cxd5 28. fxg7 Kxg7 29. Kf1 d4 30. Ke1 Rxb2 31. Bc4 b5 32. Bd3 h5 33.
Kd1 a6 34. a4 bxa4 35. Bxa6 a3 36. Kc1 Rxf2 37. Bc4 h4 38. f4 h3 39. Kb1 h2 40.
Bd5 a2+ 0-1

[Event "ch-Lisboa"]
[Site "Lisboa"]
[Date "2017.06.01"]
[Round "3.1"]
[White "Santos, Jose Guilherme B Li"]
[Black "Carneiro, Carlos Alberto Carv"]
[Result "1/2-1/2"]
[WhiteElo "1956"]
[BlackElo "2166"]
[PlyCount "104"]
[EventDate "2017.05.18"]
[EventType "swiss"]
[EventRounds "7"]
[EventCountry "POR"]

1. e4 c5 2. Nf3 g6 3. d4 cxd4 4. Nxd4 Nc6 5. c4 Nf6 6. Nc3 Nxd4 7. Qxd4 d6 8.
Be3 Bg7 9. f3 O-O 10. Qd2 Qa5 11. Be2 Be6 12. O-O Rfc8 13. b3 a6 14. Rac1 b5
15. Nd5 Qxd2 16. Bxd2 Nxd5 17. exd5 Bd4+ 18. Kh1 Bd7 19. Bg5 f6 20. Bd2 Kf7 21.
Bd3 bxc4 22. bxc4 Rab8 23. Bc3 Bxc3 24. Rxc3 Rb2 25. Ra3 Rd2 26. Re1 a5 27. Bf1
a4 28. Rae3 Re8 29. a3 Bf5 30. c5 dxc5 31. Bb5 Rb8 32. Rxe7+ Kf8 33. Bf1 Rd1
34. g4 Rxe1 35. Rxe1 Rb1 36. Rxb1 Bxb1 37. Kg2 Ba2 38. d6 g5 39. Bb5 Bb3 40.
Kf2 Kf7 41. Ke3 Ke6 42. d7 Ke7 43. Ke4 Kd8 44. Bc6 Kc7 45. Bb5 Bd1 46. h3 Bb3
47. f4 Kd8 48. fxg5 fxg5 49. Kf5 c4 50. Ke4 c3 51. Kd3 c2 52. Kd2 h6 1/2-1/2

[Event "ch-Lisboa"]
[Site "Lisboa"]
[Date "2017.06.01"]
[Round "3.2"]
[White "Lavrador, Rodolfo Manuel"]
[Black "Pires, Emanuel Joao Robart"]
[Result "1-0"]
[WhiteElo "1854"]
[BlackElo "2070"]
[PlyCount "107"]
[EventDate "2017.05.18"]
[EventType "swiss"]
[EventRounds "7"]
[EventCountry "POR"]

1. e4 e6 2. d4 d5 3. Nc3 Bb4 4. e5 c5 5. a3 Bxc3+ 6. bxc3 Ne7 7. Nf3 Qa5 8. Bd2
c4 9. g3 Nbc6 10. Bh3 Bd7 11. O-O O-O-O 12. Ng5 Rdf8 13. f4 Nd8 14. Qe2 h5 15.
Nf3 Kb8 16. Qe1 Re8 17. Qb1 f6 18. Qb4 Qc7 19. a4 Nec6 20. Qa3 b6 21. Rab1 Nb7
22. exf6 gxf6 23. f5 e5 24. dxe5 fxe5 25. Rbe1 Ka8 26. Nh4 Nc5 27. Bg2 Qd6 28.
Be3 Nd8 29. a5 Kb8 30. axb6 axb6 31. Bxc5 bxc5 32. Rb1+ Nb7 33. Rfd1 Bc6 34.
Rb6 e4 35. Ng6 Kc7 36. Ra6 Rhg8 37. Nf4 Re5 38. Qb2 h4 39. Qb6+ Kd7 40. Ra7 Rb8
41. Ne6 Ke8 42. Nc7+ Kf8 43. Nb5 Qd7 44. Na3 hxg3 45. hxg3 Qe8 46. Qc7 Kg8 47.
f6 Qd7 48. Qxb8+ Re8 49. Qf4 Kf7 50. Nxc4 Qe6 51. Rxb7+ Bxb7 52. Nd6+ Kg6 53.
Nxe8 Qxe8 54. Rf1 1-0

[Event "ch-Lisboa"]
[Site "Lisboa"]
[Date "2017.06.01"]
[Round "3.4"]
[White "Pereira, Fernando"]
[Black "Goncalves, Carlos Manuel Marq"]
[Result "1-0"]
[WhiteElo "2067"]
[BlackElo "1690"]
[PlyCount "125"]
[EventDate "2017.05.18"]
[EventType "swiss"]
[EventRounds "7"]
[EventCountry "POR"]

1. d4 Nf6 2. c4 e6 3. Nc3 Bb4 4. Qc2 O-O 5. Bg5 d6 6. Nf3 Qe7 7. a3 Bxc3+ 8.
Qxc3 Re8 9. e3 e5 10. Qc2 Bg4 11. dxe5 dxe5 12. Be2 Nbd7 13. O-O a5 14. b3 Qc5
15. Bxf6 Nxf6 16. h3 Bh5 17. Qb2 Rad8 18. b4 axb4 19. axb4 Qe7 20. Rfd1 b6 21.
Rxd8 Qxd8 22. g4 e4 23. Rd1 Qe7 24. Nd4 Bg6 25. h4 h5 26. g5 Ng4 27. Bxg4 hxg4
28. Qe2 Bh5 29. Nf5 Qxb4 30. Ng3 g6 31. Rd7 Re7 32. Rd8+ Kg7 33. Qc2 Qe1+ 34.
Kg2 Qa1 35. Rd4 Re6 36. Rxe4 Qa8 37. Qc3+ Kg8 38. Qc2 Kg7 39. Kh2 Rxe4 40. Nxe4
Qa1 41. Qc3+ Qxc3 42. Nxc3 c6 43. Kg3 Kf8 44. Na4 b5 45. cxb5 cxb5 46. Nc3 b4
47. Nd5 b3 48. Kf4 Ke8 49. Ke4 Kd7 50. Kd3 Kd6 51. Nf4 Ke5 52. Ne2 Kd5 53. Ng3
Ke5 54. Kc3 f5 55. Nxh5 gxh5 56. Kxb3 f4 57. exf4+ Kxf4 58. g6 Kf3 59. g7 Kxf2
60. g8=Q g3 61. Qf7+ Kg1 62. Qxh5 g2 63. Qg4 1-0

[Event "ch-Lisboa"]
[Site "Lisboa"]
[Date "2017.06.01"]
[Round "3.5"]
[White "Rocha, Manuel Fernando"]
[Black "Santos, Micael"]
[Result "0-1"]
[WhiteElo "1790"]
[BlackElo "1940"]
[PlyCount "100"]
[EventDate "2017.05.18"]
[EventType "swiss"]
[EventRounds "7"]
[EventCountry "POR"]

1. e4 Nc6 2. d4 e5 3. d5 Nce7 4. c4 d6 5. g3 f5 6. Nc3 Nf6 7. Bg2 Ng6 8. Nge2
Be7 9. O-O O-O 10. f4 fxe4 11. Nxe4 Nxe4 12. Bxe4 Bh3 13. Rf2 Qd7 14. Qc2 Rf6
15. Bd2 Raf8 16. Bc3 Kh8 17. Re1 Bd8 18. Nc1 Qg4 19. Bf3 Qd7 20. Qe2 c6 21. Nd3
Bb6 22. c5 dxc5 23. Nxe5 Nxe5 24. Bxe5 R6f7 25. Qc4 cxd5 26. Bxd5 Re7 27. Rd1
Rd8 28. Rfd2 Ba5 29. Bc3 b5 30. Bxa5 bxc4 31. Bxd8 Re8 32. Ba5 Qe7 33. Rf2 Qd7
34. Bf3 Qa4 35. Bc3 Qxa2 36. Re2 Qa4 37. Rxe8+ Qxe8 38. Kf2 Be6 39. Ba5 Qa4 40.
Rd8+ Bg8 41. Bc3 Qc2+ 42. Ke3 Qxh2 43. Rd7 Qxg3 44. Rxa7 Bd5 45. Bxg7+ Kg8 46.
Be5 Qxf3+ 47. Kd2 Qd3+ 48. Kc1 Be4 49. Rg7+ Kf8 50. Rg2 Qf1+ 0-1

[Event "ch-Lisboa"]
[Site "Lisboa"]
[Date "2017.06.01"]
[Round "3.6"]
[White "Morais, Vitor Mestre"]
[Black "Fortunato, Antonio Eduardo"]
[Result "1-0"]
[WhiteElo "1912"]
[BlackElo "1681"]
[PlyCount "93"]
[EventDate "2017.05.18"]
[EventType "swiss"]
[EventRounds "7"]
[EventCountry "POR"]

1. Nf3 d5 2. c4 d4 3. b4 Bg4 4. Ne5 Bf5 5. Bb2 f6 6. Nf3 e5 7. a3 Nh6 8. d3 Be7
9. Nbd2 O-O 10. g3 a5 11. b5 b6 12. Bg2 Ra7 13. O-O c6 14. a4 cxb5 15. cxb5 Rc7
16. Qb3+ Kh8 17. Rac1 Bc5 18. Nh4 Bc8 19. Rc2 Qe7 20. Rfc1 Be6 21. Bd5 Bxd5 22.
Qxd5 Rd8 23. Qb3 Rdc8 24. Nc4 Nd7 25. Nf3 Nf5 26. Nfd2 Qe8 27. Ba3 Qg6 28. Ne4
h5 29. Bxc5 Nxc5 30. Nxc5 Rxc5 31. Nxb6 Rxc2 32. Rxc2 Rxc2 33. Qxc2 h4 34. Qc8+
Kh7 35. Qc6 h3 36. Qe4 Qg5 37. f4 Qg4 38. fxe5 Qg5 39. Nc4 Qc1+ 40. Kf2 g6 41.
exf6 Nxg3 42. Kxg3 Qf1 43. Qf3 Qg1+ 44. Kxh3 g5 45. Qh5+ Kg8 46. Qg6+ Kf8 47.
Qg7+ 1-0

[Event "ch-Lisboa"]
[Site "Lisboa"]
[Date "2017.06.01"]
[Round "3.8"]
[White "Marques, Rui Filipe Pereira"]
[Black "Azevedo, Manuel Roque"]
[Result "1/2-1/2"]
[WhiteElo "1955"]
[BlackElo "1622"]
[PlyCount "67"]
[EventDate "2017.05.18"]
[EventType "swiss"]
[EventRounds "7"]
[EventCountry "POR"]

1. d4 e6 2. Nf3 Nf6 3. Bf4 d5 4. e3 c6 5. Bd3 h6 6. h3 Bd6 7. Bxd6 Qxd6 8. O-O
O-O 9. Ne5 Nbd7 10. f4 Re8 11. Nd2 Nf8 12. c3 Bd7 13. Qe2 a6 14. b4 a5 15. a3
Ra7 16. c4 axb4 17. c5 Qe7 18. axb4 Rea8 19. Nb3 Be8 20. Qb2 Qc7 21. Rxa7 Rxa7
22. Ra1 Qb8 23. Ra5 b6 24. cxb6 Qxb6 25. Rxa7 Qxa7 26. Qa1 Qb7 27. Qa5 N6d7 28.
Nxd7 Nxd7 29. Nc5 Nxc5 30. dxc5 Kf8 31. Qb6 Qd7 32. Qb8 Ke7 33. Kh2 Qd8 34.
Qxd8+ 1/2-1/2

[Event "ch-Lisboa"]
[Site "Lisboa"]
[Date "2017.06.01"]
[Round "3.10"]
[White "Santos, Jose Duarte"]
[Black "Santos, Ruben Jose Melo"]
[Result "0-1"]
[WhiteElo "1847"]
[BlackElo "1562"]
[PlyCount "58"]
[EventDate "2017.05.18"]
[EventType "swiss"]
[EventRounds "7"]
[EventCountry "POR"]

1. e4 e6 2. d4 d5 3. e5 c5 4. c3 Nc6 5. Nf3 Qb6 6. a3 c4 7. Nfd2 Na5 8. a4 Bd7
9. g4 f6 10. f4 Be7 11. h4 fxe5 12. fxe5 Nh6 13. Qf3 Rf8 14. Qg3 O-O-O 15. Be2
Rf7 16. Bd1 Rdf8 17. Nf3 Nb3 18. Bxb3 Rxf3 19. Qxf3 Rxf3 20. Bd1 Rf8 21. Nd2
Qd8 22. g5 Nf5 23. Rh3 Nxh4 24. Rxh4 Bxg5 25. Rh2 Bh4+ 26. Ke2 Be8 27. Nf1 Bh5+
28. Kd2 Qg5+ 29. Ne3 Bxd1 0-1

[Event "ch-Lisboa"]
[Site "Lisboa"]
[Date "2017.06.01"]
[Round "3.11"]
[White "Marques, Carlos Filipe Ferna"]
[Black "Guia, Artur Solovyov Eloy"]
[Result "0-1"]
[WhiteElo "1815"]
[BlackElo "1550"]
[PlyCount "70"]
[EventDate "2017.05.18"]
[EventType "swiss"]
[EventRounds "7"]
[EventCountry "POR"]

1. e4 e5 2. Nf3 Nc6 3. Bc4 Bc5 4. a3 a6 5. c3 Qf6 6. O-O Nge7 7. d4 exd4 8. Bg5
Qg6 9. Bxe7 Bxe7 10. cxd4 O-O 11. Bd3 Qh6 12. d5 Nb8 13. Nc3 d6 14. Ne2 Nd7 15.
Ng3 Nf6 16. Nd4 Qf4 17. Ngf5 Bxf5 18. Nxf5 Bd8 19. g3 Qg4 20. f3 Qg5 21. Rc1
Nd7 22. f4 Qf6 23. b4 Qb2 24. Qg4 Bf6 25. Rxc7 Nb8 26. Nh6+ Kh8 27. Nxf7+ Kg8
28. Qe6 g6 29. Qxf6 Qxf6 30. e5 dxe5 31. Nh6+ Kh8 32. fxe5 Qb6+ 33. Rc5 Nd7 34.
Rfc1 Nxc5 35. bxc5 Qb3 0-1

[Event "ch-Lisboa"]
[Site "Lisboa"]
[Date "2017.06.01"]
[Round "3.12"]
[White "Aguiar, Carlos Alberto Bran"]
[Black "Campos, Carlos Alberto Vieg"]
[Result "1-0"]
[WhiteElo "1791"]
[BlackElo "1543"]
[PlyCount "85"]
[EventDate "2017.05.18"]
[EventType "swiss"]
[EventRounds "7"]
[EventCountry "POR"]

1. f4 d5 2. Nf3 Nf6 3. e3 Bg4 4. h3 Bh5 5. g4 Nxg4 6. hxg4 Bxg4 7. Be2 e6 8. d3
Nd7 9. b3 Bb4+ 10. Bd2 Qf6 11. d4 c5 12. Bxb4 cxb4 13. Ne5 Bxe2 14. Qxe2 Nxe5
15. dxe5 Qe7 16. Qb5+ Kf8 17. Nd2 Rc8 18. Rc1 h5 19. Nf3 Rc3 20. Ke2 a6 21. Qb6
Rc6 22. Qd4 h4 23. c3 a5 24. cxb4 axb4 25. Rxc6 bxc6 26. Qb6 c5 27. Qb8+ Qe8
28. Qxe8+ Kxe8 29. Rxh4 Rxh4 30. Nxh4 Kd7 31. Kd3 Kc6 32. e4 Kb5 33. exd5 exd5
34. f5 c4+ 35. Kd4 c3 36. Kd3 Kc5 37. Nf3 Kc6 38. Nd4+ Kc5 39. Nc2 d4 40. Nxd4
Kd5 41. Nf3 g6 42. e6 fxe6 43. fxg6 1-0

[Event "ch-Lisboa"]
[Site "Lisboa"]
[Date "2017.06.01"]
[Round "3.13"]
[White "Alves, Luis Miguel"]
[Black "Monteiro, Carlos Alberto C"]
[Result "1-0"]
[WhiteElo "1687"]
[BlackElo "1351"]
[PlyCount "77"]
[EventDate "2017.05.18"]
[EventType "swiss"]
[EventRounds "7"]
[EventCountry "POR"]

1. c4 d5 2. cxd5 Nf6 3. e4 e6 4. dxe6 Bxe6 5. Ne2 Bc5 6. f3 Nc6 7. Qc2 Qe7 8.
a3 a6 9. b4 Ba7 10. Bb2 O-O-O 11. Nbc3 Nd4 12. Nxd4 Bxd4 13. Rc1 Nh5 14. Ne2
Bb6 15. d4 Rhe8 16. g3 g6 17. Bg2 f6 18. O-O Kb8 19. g4 Ng7 20. Kh1 h5 21. d5
Bc8 22. a4 hxg4 23. fxg4 Rh8 24. Rxf6 Bxg4 25. Nf4 Nh5 26. Nxh5 Rxh5 27. a5 Be3
28. Rcf1 g5 29. Rf7 Qd6 30. e5 Rxh2+ 31. Kxh2 Rh8+ 32. Kg3 Qxb4 33. Qxc7+ Ka7
34. Qxb7+ Qxb7 35. Rxb7+ Kxb7 36. Kxg4 Bd2 37. d6+ Kc8 38. e6 Rh5 39. Rf8# 1-0

[Event "ch-Lisboa"]
[Site "Lisboa"]
[Date "2017.06.08"]
[Round "4.1"]
[White "Carneiro, Carlos Alberto Carv"]
[Black "Lavrador, Rodolfo Manuel"]
[Result "1-0"]
[WhiteElo "2166"]
[BlackElo "1854"]
[PlyCount "57"]
[EventDate "2017.05.18"]
[EventType "swiss"]
[EventRounds "7"]
[EventCountry "POR"]

1. d4 e6 2. c4 d5 3. Nf3 Nf6 4. Nc3 c6 5. cxd5 exd5 6. Qc2 h6 7. Bf4 Bd6 8. Bg3
Bg4 9. Ne5 Bh5 10. e3 Bxe5 11. Bxe5 Nbd7 12. Bg3 Bg6 13. Qb3 Qb6 14. Qa3 c5 15.
dxc5 Qxc5 16. Qxc5 Nxc5 17. Bb5+ Ke7 18. Bh4 Rhd8 19. Rd1 d4 20. exd4 Ne6 21.
d5 Ng5 22. O-O a6 23. Bd3 Bh5 24. Rde1+ Kf8 25. f4 Ne6 26. dxe6 Rxd3 27. e7+
Ke8 28. Bxf6 gxf6 29. Ne4 1-0

[Event "ch-Lisboa"]
[Site "Lisboa"]
[Date "2017.06.08"]
[Round "4.2"]
[White "Santos, Micael"]
[Black "Eggert, Alberto"]
[Result "0-1"]
[WhiteElo "1940"]
[BlackElo "2110"]
[PlyCount "42"]
[EventDate "2017.05.18"]
[EventType "swiss"]
[EventRounds "7"]
[EventCountry "POR"]

1. e4 c5 2. c3 Nf6 3. e5 Nd5 4. Nf3 e6 5. Bc4 Nb6 6. Bb3 Nc6 7. O-O Qc7 8. Qe2
g5 9. Na3 a6 10. d4 g4 11. Ng5 cxd4 12. cxd4 Nxd4 13. Qxg4 Qxe5 14. Qh5 Qf5 15.
Bd1 Nd5 16. Re1 b5 17. Nc2 Bg7 18. Ne3 Nxe3 19. Rxe3 h6 20. Nxf7 Qxf7 21. Qe5
O-O 0-1

[Event "ch-Lisboa"]
[Site "Lisboa"]
[Date "2017.06.08"]
[Round "4.4"]
[White "Elias, Ruben Joel Monteiro"]
[Black "Santos, Jose Guilherme B Li"]
[Result "1-0"]
[WhiteElo "1812"]
[BlackElo "1956"]
[PlyCount "89"]
[EventDate "2017.05.18"]
[EventType "swiss"]
[EventRounds "7"]
[EventCountry "POR"]

1. e4 c5 2. Nf3 Nc6 3. d4 cxd4 4. Nxd4 Nf6 5. Nc3 d6 6. Be2 e6 7. O-O Be7 8.
Be3 O-O 9. Qd2 a6 10. a4 Qc7 11. Rad1 b6 12. Rfe1 Bb7 13. f3 Rac8 14. Kh1 Rfd8
15. Bf1 Na5 16. Qf2 Nd7 17. Bf4 Nc6 18. Bg3 Nxd4 19. Qxd4 Nc5 20. Be2 Bf6 21.
Qd2 Bxc3 22. Qxc3 Nxa4 23. Qxc7 Rxc7 24. b3 Nc3 25. Rxd6 Rcd7 26. Rxd7 Rxd7 27.
Bd3 f6 28. Kg1 e5 29. Re3 Nd1 30. Bc4+ Kf8 31. Rd3 Rd4 32. Rxd4 exd4 33. Bd6+
Ke8 34. Bc7 b5 35. Bd3 f5 36. exf5 Kf7 37. Be5 Ne3 38. Bxd4 Nd5 39. Be4 Bc6 40.
Bc5 Ne7 41. Bxe7 Bxe4 42. fxe4 Kxe7 43. Kf2 Kd6 44. Ke3 Ke5 45. b4 1-0

[Event "ch-Lisboa"]
[Site "Lisboa"]
[Date "2017.06.08"]
[Round "4.5"]
[White "Pires, Emanuel Joao Robart"]
[Black "Galinha, Otelo"]
[Result "1/2-1/2"]
[WhiteElo "2070"]
[BlackElo "1625"]
[PlyCount "113"]
[EventDate "2017.05.18"]
[EventType "swiss"]
[EventRounds "7"]
[EventCountry "POR"]

1. e4 e5 2. Bc4 Nf6 3. Nf3 Nc6 4. O-O Be7 5. d4 Nxe4 6. dxe5 O-O 7. Re1 Nc5 8.
Nc3 d6 9. Bf4 Bg4 10. exd6 Bxd6 11. Bxd6 Bxf3 12. Qxf3 Qxd6 13. Rad1 Qg6 14.
Qe3 Ne6 15. Bxe6 fxe6 16. Qxe6+ Qf7 17. f3 Nb4 18. Rd7 Qxe6 19. Rxe6 Rf7 20.
Ree7 Rxe7 21. Rxe7 Nxc2 22. Rxc7 b6 23. Nd5 Nd4 24. h4 Ne6 25. Rc8+ Rxc8 26.
Ne7+ Kf7 27. Nxc8 Nc5 28. Nxa7 Ke6 29. Nc8 b5 30. Na7 b4 31. a3 b3 32. Nb5 Kd5
33. g4 Na4 34. Kf2 Nxb2 35. Ke2 Kc5 36. Nc3 Kc4 37. Kd2 Nd3 38. a4 Ne5 39. Nb1
Nxf3+ 40. Kc1 Nxh4 41. Kb2 Nf3 42. Ka3 Ne5 43. Nd2+ Kc3 44. Nxb3 Nc4+ 45. Ka2
Kb4 46. Nd4 Ne5 47. Ne6 g6 48. g5 Nf7 49. Kb2 Kxa4 50. Kc3 Kb5 51. Kd4 Kc6 52.
Nf8 Nxg5 53. Ke5 Nf3+ 54. Kf4 g5+ 55. Kxf3 h5 56. Ne6 g4+ 57. Kf4 1/2-1/2

[Event "ch-Lisboa"]
[Site "Lisboa"]
[Date "2017.06.08"]
[Round "4.6"]
[White "Pinto, Antonio Manuel"]
[Black "Aguiar, Carlos Alberto Bran"]
[Result "1-0"]
[WhiteElo "1574"]
[BlackElo "1794"]
[PlyCount "85"]
[EventDate "2017.05.18"]
[EventType "swiss"]
[EventRounds "7"]
[EventCountry "POR"]

1. Nf3 d6 2. d4 Nf6 3. c4 g6 4. Nc3 Bg7 5. e4 O-O 6. Be2 Nbd7 7. O-O e5 8. Be3
Ng4 9. Bg5 f6 10. Bd2 f5 11. d5 Nc5 12. Qc2 a5 13. Ne1 f4 14. Bxg4 Bxg4 15. f3
Bd7 16. Nd3 Nxd3 17. Qxd3 b6 18. a4 g5 19. Nb5 h5 20. b4 g4 21. bxa5 bxa5 22.
Rfc1 Qh4 23. Qf1 Rf6 24. c5 Rg6 25. Be1 Qg5 26. Kh1 g3 27. c6 Bc8 28. Nxc7 h4
29. Nxa8 h3 30. c7 Rh6 31. Ra2 hxg2+ 32. Rxg2 Bh3 33. c8=Q+ Bxc8 34. Rxc8+ Kh7
35. Nc7 Rh3 36. Ne6 Qh5 37. Qe2 Bf6 38. Rc7+ Kh6 39. Rd7 Bh4 40. Rxd6 Kh7 41.
Rd7+ Kg6 42. Nf8+ Kg5 43. Bxa5 1-0

[Event "ch-Lisboa"]
[Site "Lisboa"]
[Date "2017.06.08"]
[Round "4.7"]
[White "Santos, Ruben Jose Melo"]
[Black "Alves, Luis Miguel"]
[Result "1/2-1/2"]
[WhiteElo "1562"]
[BlackElo "1687"]
[PlyCount "82"]
[EventDate "2017.05.18"]
[EventType "swiss"]
[EventRounds "7"]
[EventCountry "POR"]

1. a3 Nf6 2. d4 g6 3. Bf4 Bg7 4. e3 d6 5. Nf3 c6 6. Bd3 Qb6 7. b4 a5 8. c3 axb4
9. cxb4 Nh5 10. Bg3 Na6 11. Nc3 O-O 12. O-O Nxg3 13. hxg3 Bg4 14. Qb3 Ra7 15.
Ng5 d5 16. Na4 Qd8 17. Bxa6 Rxa6 18. Nc5 Ra7 19. Nf3 Bxf3 20. gxf3 e5 21. dxe5
Bxe5 22. Ra2 Qe7 23. f4 Bf6 24. Re1 Rfa8 25. e4 Bd4 26. Nd3 dxe4 27. Qc4 Rd8
28. Ne5 Bxe5 29. fxe5 Qxe5 30. Rxe4 Rd1+ 31. Kg2 Qd5 32. Qxd5 Rxd5 33. a4 b6
34. Re8+ Kg7 35. Rb8 Ra6 36. Rb2 Rd6 37. Kf3 Kf6 38. Rb7 h5 39. Ra2 Rd3+ 40.
Kg2 Rb3 41. Rc2 Rxb4 1/2-1/2

[Event "ch-Lisboa"]
[Site "Lisboa"]
[Date "2017.06.15"]
[Round "5.9"]
[White "Goncalves, Carlos Manuel Marq"]
[Black "Martins, Abilio Morgado"]
[Result "1-0"]
[WhiteElo "1690"]
[BlackElo "1528"]
[PlyCount "121"]
[EventDate "2017.05.18"]
[EventType "swiss"]
[EventRounds "7"]
[EventCountry "POR"]

1. Nf3 d5 2. g3 Nf6 3. Bg2 g6 4. O-O Bg7 5. d3 O-O 6. Nbd2 c5 7. e4 dxe4 8.
dxe4 Nc6 9. Qe2 e5 10. Rd1 Qc7 11. Nc4 Bg4 12. c3 Rfd8 13. Bg5 h6 14. Be3 b6
15. Qc2 Be6 16. Nfd2 Ng4 17. h3 Nxe3 18. Nxe3 h5 19. Nf3 Ne7 20. Ng5 Qc6 21.
Rd2 Rxd2 22. Qxd2 Bf6 23. Nxe6 Qxe6 24. Nd5 Nxd5 25. exd5 Qd6 26. Bf1 a5 27.
Bb5 Kg7 28. Bc6 Rd8 29. Rd1 e4 30. Qe2 Qe5 31. Re1 Qf5 32. Kg2 e3 33. Qxe3 g5
34. Qf3 Qg6 35. Qe2 g4 36. h4 Qf5 37. Qe4 Qc8 38. a4 Qc7 39. Qf5 Rh8 40. Re4
Qd6 41. Qf4 Qd8 42. Qe3 Qc7 43. Bb5 Qd6 44. Bc4 Qd7 45. Bb3 Qd6 46. Qd3 Be5 47.
Bc2 Rh6 48. Qd2 f6 49. Bb1 Rh8 50. c4 Rh6 51. Qc1 Rh8 52. Qc2 Rh6 53. b3 Rh8
54. Re2 Rh6 55. Qf5 Kf7 56. Qc8 Qc7 57. Qe6+ Kg7 58. Bf5 Rh8 59. Qc6 Qd6 60.
Qb7+ Kh6 61. Qf7 1-0

[Event "ch-Lisboa"]
[Site "Lisboa"]
[Date "2017.06.08"]
[Round "4.10"]
[White "Azevedo, Manuel Roque"]
[Black "Rocha, Manuel Fernando"]
[Result "0-1"]
[WhiteElo "1622"]
[BlackElo "1790"]
[PlyCount "76"]
[EventDate "2017.05.18"]
[EventType "swiss"]
[EventRounds "7"]
[EventCountry "POR"]

1. d4 d5 2. Nf3 Nf6 3. c4 c6 4. cxd5 cxd5 5. Nc3 Nc6 6. e3 a6 7. Bd3 Bg4 8. h3
Bh5 9. a3 Bg6 10. O-O e6 11. b4 Rc8 12. Bb2 b5 13. Rc1 Nd7 14. Qe2 Bxd3 15.
Qxd3 Nb6 16. Rc2 Be7 17. Ne5 Nxe5 18. dxe5 Nc4 19. Ne2 O-O 20. Bd4 f6 21. exf6
gxf6 22. Rfc1 Qd7 23. Qb3 Kh8 24. f4 Rg8 25. Kh1 Rcf8 26. Ng1 e5 27. fxe5 fxe5
28. Bb2 Qe6 29. Qd3 Rg3 30. Re2 Nxb2 31. Rxb2 d4 32. Nf3 e4 33. Qxd4+ Bf6 34.
Qc5 Rfg8 35. Nd4 Rxh3+ 36. gxh3 Qxh3+ 37. Rh2 Qxe3 38. Nf5 Qf3+ 0-1

[Event "ch-Lisboa"]
[Site "Lisboa"]
[Date "2017.06.08"]
[Round "4.11"]
[White "Fortunato, Antonio Eduardo"]
[Black "Ferreira, Miguel Limao"]
[Result "1-0"]
[WhiteElo "1681"]
[BlackElo "1455"]
[PlyCount "63"]
[EventDate "2017.05.18"]
[EventType "swiss"]
[EventRounds "7"]
[EventCountry "POR"]

1. d4 Nf6 2. Bg5 Ne4 3. Bf4 g6 4. Qd3 Nf6 5. e4 d6 6. c4 Bg7 7. Nc3 O-O 8.
O-O-O Bd7 9. Be2 c5 10. dxc5 dxc5 11. g4 Nc6 12. g5 Ng4 13. Qxd7 Qxd7 14. Rxd7
Nxf2 15. Bf3 Nd4 16. Be3 Nxh1 17. Bxh1 f5 18. Rxe7 fxe4 19. Rxb7 Rf1+ 20. Kd2
Nf3+ 21. Ke2 Re1+ 22. Kf2 Rf8 23. Bxf3 Rxg1 24. Kxg1 Rxf3 25. Bxc5 Bxc3 26.
bxc3 Rxc3 27. Rg7+ Kh8 28. Bd4 Rc1+ 29. Kf2 Rd1 30. Ke3 Rxd4 31. Rxh7+ Kxh7 32.
Kxd4 1-0

[Event "ch-Lisboa"]
[Site "Lisboa"]
[Date "2017.06.08"]
[Round "4.12"]
[White "Martins, Abilio Morgado"]
[Black "Santos, Jose Duarte"]
[Result "1-0"]
[WhiteElo "1528"]
[BlackElo "1847"]
[PlyCount "77"]
[EventDate "2017.05.18"]
[EventType "swiss"]
[EventRounds "7"]
[EventCountry "POR"]

1. d4 Nf6 2. c4 g6 3. Nc3 Bg7 4. e4 d6 5. Nf3 O-O 6. g3 Nfd7 7. Bg2 e5 8. d5 a5
9. a4 Nc5 10. Be3 Nba6 11. Nd2 Nd3+ 12. Kf1 Nab4 13. Rb1 f5 14. f4 exf4 15.
gxf4 Qh4 16. Qe2 Nxf4 17. Bxf4 Qxf4+ 18. Ke1 Nc2+ 19. Kd1 Ne3+ 20. Kc1 fxe4 21.
Re1 Bh6 22. Bxe4 Nxc4 23. Rd1 Nxd2 24. Rxd2 Bg4 25. Qg2 Bh3 26. Qe2 Bf1 27. Qe1
Rae8 28. Kc2 Bh3 29. Re2 Rxe4 30. Nxe4 Bf5 31. Kb3 Qf3+ 32. Ka2 b5 33. axb5 a4
34. Rd1 Qb3+ 35. Ka1 a3 36. Rdd2 axb2+ 37. Rxb2 Bg7 38. Kb1 Bxe4+ 39. Kc1 1-0

[Event "ch-Lisboa"]
[Site "Lisboa"]
[Date "2017.06.08"]
[Round "4.18"]
[White "Vieira, Vitor Mendes"]
[Black "Lixa, Alberto"]
[Result "0-1"]
[WhiteElo "1462"]
[BlackElo "1275"]
[PlyCount "78"]
[EventDate "2017.05.18"]
[EventType "swiss"]
[EventRounds "7"]
[EventCountry "POR"]

1. d4 Nf6 2. c4 d5 3. Nc3 c6 4. cxd5 Nxd5 5. e4 Nxc3 6. bxc3 g6 7. Nf3 Bg7 8.
Bc4 O-O 9. a4 c5 10. e5 cxd4 11. cxd4 Nc6 12. O-O Bg4 13. Be3 Qc7 14. Rc1 e6
15. h3 Bxf3 16. Qxf3 Qa5 17. Bb5 Ne7 18. Qxb7 Nd5 19. Bg5 Rab8 20. Qa6 Qxa6 21.
Bxa6 Rb4 22. Rc4 Rfb8 23. Rfc1 h6 24. Rc8+ Rxc8 25. Rxc8+ Kh7 26. Bd2 Rxd4 27.
Bc3 Rxa4 28. Bb7 Nxc3 29. Rxc3 Bxe5 30. Rc1 a5 31. g3 Ra2 32. Rd1 Kg7 33. h4 a4
34. Kg2 a3 35. Kf3 Rb2 36. Rd3 a2 37. Ra3 Rc2 38. Ke3 a1=Q 39. Rxa1 Bxa1 0-1

[Event "ch-Lisboa"]
[Site "Lisboa"]
[Date "2017.06.15"]
[Round "5.1"]
[White "Eggert, Alberto"]
[Black "Carneiro, Carlos Alberto Carv"]
[Result "1/2-1/2"]
[WhiteElo "2110"]
[BlackElo "2166"]
[PlyCount "114"]
[EventDate "2017.05.18"]
[EventType "swiss"]
[EventRounds "7"]
[EventCountry "POR"]

1. e4 c5 2. Nf3 g6 3. d4 cxd4 4. Nxd4 Nc6 5. Nc3 Bg7 6. Be3 Nf6 7. Bc4 O-O 8.
Bb3 d6 9. f3 Bd7 10. Qd2 Nxd4 11. Bxd4 b5 12. h4 e5 13. Be3 b4 14. Nd5 Nxd5 15.
Bxd5 Rc8 16. h5 Bc6 17. Bb3 a5 18. hxg6 hxg6 19. Bh6 a4 20. Bxg7 Kxg7 21. Qh6+
Kf6 22. Qh4+ Kg7 23. Qh7+ Kf6 24. Bc4 Qb6 25. Qh4+ Kg7 26. Qh6+ Kf6 27. O-O-O
Qc5 28. b3 Rh8 29. Qd2 Rxh1 30. Rxh1 Bb5 31. Bxb5 axb3 32. axb3 Qxb5 33. Qxd6+
Kg7 34. Qd5 Qb8 35. f4 Rd8 36. Qxe5+ Qxe5 37. fxe5 Re8 38. Kd2 Rxe5 39. Kd3 Rc5
40. Rf1 Rc3+ 41. Kd2 Rg3 42. Rf2 f6 43. c4 bxc3+ 44. Kc2 Re3 45. Rf3 Rxe4 46.
Kxc3 f5 47. b4 Kf6 48. Rf2 Kg5 49. Rb2 Kg4 50. b5 Kg3 51. b6 Re8 52. b7 Rb8 53.
Kd4 g5 54. Ke5 f4 55. Kd6 g4 56. Kc7 Rxb7+ 57. Kxb7 f3 1/2-1/2